000 00632nam a2200205 u 4500
005 20220621172950.0
008 090818s2007 mx r 000 0 spa d
020 _a9789681679156
035 _aUPN01000171898
049 _aCG
050 4 _aPQ2667 A7.6
_bA3.3
100 1 _aGaspar, Lorand,
_d1925-
245 1 0 _aAcercamiento a la palabra /
_cLorand Gaspar ; pról. de Henri Michaux ,; tr. Rafael Segovia Albán.
260 _aMéxico :
_bFCE,
_c2007.
300 _a122 p.
440 0 _aLengua y estudios literarios
534 _pTítulo original:
_tApproche de la parole
650 0 _aPoesía francesa
_91248
905 _aLibro
999 _c144002
_d144002